000 00343 a2200157 4500
001 177535
020 _a85-7514043-4
040 _cMagnum
100 _aPinto, Frances Rodrigues
240 1 0 _aAventura de flavinha
_lpor
245 1 0 _aAventura de flavinha
300 _a12
362 0 _a2003
697 _aLITERATURA INFANTIL
942 _cBK
999 _c177535
_d177535